000 00345nam a2200133Ia 4500
008 240624s9999 xx 000 0 und d
041 _aeng
082 _a332.60973 SCH
100 _aSCHIFF PETER D
245 _aCRASH PROOF 2 0 HOW TO PROFIT FROM THE E
260 _c2012
_aNew Jersey
_bWiley
300 _axxiv, 360 p.; 23 cm.
365 _c
_b38
999 _c29246
_d29246